Communicating for team building /

This book is about: Teams; Group dynamics; Power in teams; Information scanning; Perceiving and expressing; ...

Guardado en:
Detalles Bibliográficos
Autor principal: Eunson, Baden.
Formato: Libro
Lenguaje:English
Publicado: Milton, Qld : John Wiley and Sons, 1994.
Materias:
Etiquetas: Agregar Etiqueta
Sin Etiquetas, Sea el primero en etiquetar este registro!
Thư viện lưu trữ: Mạng thư viện Đại học Đà Nẵng
LEADER 01025cam a2200361 i 4500
001 000048570
003 8292
005 20030326143537.0
008 010321|1994 vm 000 eng
020 |a 0471335606 
040 |a IRC  |c IRC  |d IRC 
041 0 |a eng 
082 1 4 |a 658.45  |b EU-B 
100 1 |a Eunson, Baden. 
245 0 0 |a Communicating for team building /  |c Baden Eunson. 
260 |a Milton, Qld :  |b John Wiley and Sons,  |c 1994. 
300 |a 150 p. :  |b ill. ;  |c 28cm. 
520 3 |a This book is about: Teams; Group dynamics; Power in teams; Information scanning; Perceiving and expressing; ... 
630 0 4 |a Management. 
630 0 4 |a Communication. 
630 0 4 |a Organization. 
650 0 4 |a Communication in management. 
650 0 4 |a Communication in organizations. 
OWN |a DUT 
999 |a From the UDN01 
TYP |a Monograph 
TYP |a Printed language 
980 |a Mạng thư viện Đại học Đà Nẵng